Alle Knochen des menschlichen Schädels - Statistiken

Allgemein
  • Dieses Quiz wurde 44 mal gespielt
  • Das Durchschnittsergebnis liegt bei 5 aus 11
Antwortstatistiken
Antworten % Korrekt
Unterkiefer
88%
Nasenbein
83%
Oberkiefer
83%
Jochbein
79%
Schläfenbein
58%
Stirnbein
54%
Zungenbein
33%
Hinterhauptbein
25%
Scheitelbein
17%
Keilbein
8%
Siebbein
4%
Keine übereinstimmenden Quizze gefunden
Verteilung der Resultate
Anzahl Personen mit jedem Resultat
Perzentil nach korrekt beantworteten Fragen
Ihre Resultats-Entwicklung
Sie haben dieses Quiz noch nicht gespielt